000 01019nam a2200313 i 4500
001 bg
100 1 _aKaczmarczyk, Stanisław
_d(1945- )
245 1 0 _aZastosowania badań marketingowych :
_bzarządzanie marketingowe i otoczenie przedsiębiorstwa /
_cStanisław Kaczmarczyk.
260 _aWarszawa :
_bPolskie Wydawnictwo Ekonomiczne,
_c2007.
300 _a379 s. :
_bil. ;
_c24 cm.
504 _aBibliogr. s. 360-366. Indeks.
650 9 _aMarketing
_xmetody
650 9 _aOtoczenie firmy
_xbadanie
655 _aPodręczniki akademickie
015 _aPB 5229/2007
020 _a8320816572
040 _cBPK
041 _apol
044 _aPOL
080 _a339.138
080 _a005.52
080 _a658.1/.5
080 _a(075.8)
920 _a83-208-1657-2
942 _cKS
008 070105s2007 pl a |001 0 pol
999 _c55112
_d55112
856 _uhttp://koha.tu.koszalin.pl/cgi-bin/koha/opac-detail.pl?biblionumber=55112
_yKatalog online BPK